000
00239nam a22001217a 4500
003
SGT
082
_b
NCR
100
_a
NCRT
245
_a
NATIONAL CURRICULUM FRAMEWORK
260
_a
DELHI
_b
NCRT
_c
2005
300
_a
140
942
_2
ddc
_c
BK
999
_c
19971
_d
19971